<?xml version="1.0" encoding="UTF-8"?>
<record
    xmlns:xsi="http://www.w3.org/2001/XMLSchema-instance"
    xsi:schemaLocation="http://www.loc.gov/MARC21/slim http://www.loc.gov/standards/marcxml/schema/MARC21slim.xsd"
    xmlns="http://www.loc.gov/MARC21/slim">

  <leader>02039nam a22002177a 4500</leader>
  <controlfield tag="005">20250903091443.0</controlfield>
  <controlfield tag="008">250903b     mx |||||||| |||| 00| 0 spa d</controlfield>
  <datafield tag="050" ind1="0" ind2="4">
    <subfield code="a">TA800</subfield>
    <subfield code="b">C87 1995</subfield>
  </datafield>
  <datafield tag="111" ind1="2" ind2=" ">
    <subfield code="a">Curso V&#xED;ctor Hardy</subfield>
    <subfield code="c">(M&#xE9;xico D. F. :</subfield>
    <subfield code="d"> agosto 23, 24, 25 Y 26 de 1995)</subfield>
  </datafield>
  <datafield tag="245" ind1="1" ind2="0">
    <subfield code="a">Curso V&#xED;ctor Hardy 1995</subfield>
    <subfield code="c"> / impartido por Luis B. Rodr&#xED;guez Gonz&#xE1;lez...[et al.]</subfield>
  </datafield>
  <datafield tag="250" ind1=" " ind2=" ">
    <subfield code="a">1a ed.</subfield>
  </datafield>
  <datafield tag="260" ind1=" " ind2=" ">
    <subfield code="a">M&#xE9;xico :</subfield>
    <subfield code="b">Asociaci&#xF3;n Mexicana de Ingenier&#xED;a de T&#xFA;neles y Obras Subterr&#xE1;neas,</subfield>
    <subfield code="c">1995</subfield>
  </datafield>
  <datafield tag="300" ind1=" " ind2=" ">
    <subfield code="a">p. v. ;</subfield>
    <subfield code="b">il. ;</subfield>
    <subfield code="c">28 cm.</subfield>
  </datafield>
  <datafield tag="505" ind1="1" ind2=" ">
    <subfield code="t">Desarrollo hist&#xF3;rico de los t&#xFA;neles</subfield>
    <subfield code="r"> / Roberto S&#xE1;nchez Trejo --</subfield>
    <subfield code="t">Conceptos b&#xE1;sicos de la ingenier&#xED;a de t&#xFA;neles</subfield>
    <subfield code="r"> / Roberto S&#xE1;nchez Trejo --</subfield>
    <subfield code="t">Los t&#xFA;neles y el medio ambiente</subfield>
    <subfield code="r"> / Roberto S&#xE1;nchez Trejo y Ferm&#xED;n S&#xE1;nchez Reyes --</subfield>
    <subfield code="t">Estabilidad el&#xE1;stica de t&#xFA;neles</subfield>
    <subfield code="r"> / Ra&#xFA;l Cu&#xE9;llar Borja --</subfield>
    <subfield code="t">Determinaci&#xF3;n de la presi&#xF3;n inducida sobre el soporte</subfield>
    <subfield code="r"> / Ra&#xFA;l Cuellar Borja --</subfield>
    <subfield code="t">Dise&#xF1;o de revestimiento de t&#xFA;neles</subfield>
    <subfield code="r"> / Ra&#xFA;l Cuellar Borja --</subfield>
    <subfield code="t">Ejemplo t&#xFA;nel de conducci&#xF3;n dise&#xF1;o geot&#xE9;cnico-estructural</subfield>
    <subfield code="r"> / Ra&#xFA;l Cuellar Borja --</subfield>
    <subfield code="t">Procedimiento de excavaci&#xF3;n</subfield>
    <subfield code="r"> / Ra&#xFA;l Cuellar Borja --</subfield>
    <subfield code="t">Seguimiento interactivo e instrumentaci&#xF3;n</subfield>
    <subfield code="r"> / Manuel S&#xE1;nchez Garc&#xED;a --</subfield>
    <subfield code="r">Supervisi&#xF3;n</subfield>
    <subfield code="r"> / Roberto Flores V&#xE1;zquez --</subfield>
    <subfield code="t">Llenado del t&#xFA;nel de conducci&#xF3;n del P.H. Zimapan (an&#xE1;lisis de un caso real)</subfield>
    <subfield code="r"> / Humberto Marengo Mogollon --</subfield>
    <subfield code="t">Aspectos generales de dise&#xF1;o y construcci&#xF3;n</subfield>
    <subfield code="r"> / Luis Bernardo Rodr&#xED;guez Gonz&#xE1;lez --</subfield>
    <subfield code="t">Mantenimiento de t&#xFA;neles de concreto</subfield>
    <subfield code="r"> / Juan Luis Cottier --</subfield>
    <subfield code="t">Aseguramiento de calidad</subfield>
    <subfield code="r"> / Jos&#xE9; M. Gonz&#xE1;lez Ruiz --</subfield>
    <subfield code="t">Legislaci&#xF3;n ambiental e ingenier&#xED;a civil frente al ambiente</subfield>
    <subfield code="r"> / Alberto Jaime Paredes --</subfield>
    <subfield code="t">Contrataci&#xF3;n</subfield>
    <subfield code="r"> / Manuel de Jes&#xFA;s Alcaras L&#xF3;pez --</subfield>
  </datafield>
  <datafield tag="650" ind1=" " ind2="7">
    <subfield code="2">lemb</subfield>
    <subfield code="a">T&#xFA;neles</subfield>
    <subfield code="x">Dise&#xF1;o y construcci&#xF3;n</subfield>
    <subfield code="v">Congresos</subfield>
  </datafield>
  <datafield tag="650" ind1=" " ind2="7">
    <subfield code="2">lemb</subfield>
    <subfield code="a">Construcci&#xF3;n de t&#xFA;neles</subfield>
    <subfield code="z">M&#xE9;xico</subfield>
    <subfield code="v">Congresos</subfield>
  </datafield>
  <datafield tag="700" ind1="1" ind2=" ">
    <subfield code="a">S&#xE1;nchez Trejo, Roberto,</subfield>
    <subfield code="e">autor</subfield>
  </datafield>
  <datafield tag="700" ind1="1" ind2=" ">
    <subfield code="a">Rodr&#xED;guez Gonz&#xE1;lez, Luis Bernardo,</subfield>
    <subfield code="e">autor</subfield>
  </datafield>
  <datafield tag="700" ind1="1" ind2=" ">
    <subfield code="a">Cu&#xE9;llar Borja, Rogelio,</subfield>
    <subfield code="e">autor</subfield>
  </datafield>
  <datafield tag="942" ind1=" " ind2=" ">
    <subfield code="2">lcc</subfield>
    <subfield code="c">LIB</subfield>
  </datafield>
  <datafield tag="999" ind1=" " ind2=" ">
    <subfield code="c">50691</subfield>
    <subfield code="d">50691</subfield>
  </datafield>
  <datafield tag="952" ind1=" " ind2=" ">
    <subfield code="1">0</subfield>
    <subfield code="2">lcc</subfield>
    <subfield code="4">0</subfield>
    <subfield code="7">0</subfield>
    <subfield code="a">LIC-016</subfield>
    <subfield code="b">LIC-016</subfield>
    <subfield code="c">GENERAL</subfield>
    <subfield code="d">2025-09-03</subfield>
    <subfield code="f">1a ed.</subfield>
    <subfield code="k">IT</subfield>
    <subfield code="l">0</subfield>
    <subfield code="o">TA800 C87 1995</subfield>
    <subfield code="p">BIC000002700</subfield>
    <subfield code="r">2025-09-03 10:16:08</subfield>
    <subfield code="t">1</subfield>
    <subfield code="v">1.00</subfield>
    <subfield code="y">LIB</subfield>
  </datafield>
</record>
